000 00610nam a2200205 i 4500
001 65513
003 ES-MaACL
007 t|
008 040115s1973 mx ||||1| spa d
100 1 _aFrías Alcocer, Heriberto.
_952587
245 1 0 _aTomochic /
_cHeriberto Frías ; prólogo y notas de James W. Brown.
250 _a2ª ed.
260 _aMéxico :
_bPorrúa,
_c1973.
300 _aXXV, 153 p. ;
_c22 cm.
490 1 _aSepan cuantos... ;
_v92
700 1 _aBrown, James W.
_932001
830 0 0 _aSepan cuantos_
_v92
_9180801
852 _aES-MaACL
_jE-9157
_bR.93739
999 _c65513
_d65513